[Event "Malaga op 16th"]
[Site "Malaga"]
[Date "2022.10.28"]
[Round "2"]
[White "Alba Fernandez, Nicolas"]
[Black "Guardia Bencomo, Tomas"]
[Result "1-0"]
[WhiteElo "2112"]
[BlackElo "1636"]
[PlyCount "129"]
[EventDate "2022.10.27"]
[EventType "swiss"]
[EventRounds "9"]
[EventCountry "ESP"]
[SourceTitle "EXT 2024"]
[Source "ChessBase"]
[SourceDate "2023.10.10"]
[SourceVersion "1"]
[SourceVersionDate "2023.10.10"]
[SourceQuality "1"]

1. d4 d5 2. c4 e6 3. Nc3 Nf6 4. cxd5 exd5 5. Bg5 c6 6. e3 h6 7. Bh4 Be7 8. Bd3 0-0 9. Nge2 Ne4 10. Bxe7 Qxe7 11. 0-0 Nd7 12. Re1 Ndf6 13. f3 Nxc3 14. Nxc3 Be6 15. a3 a5 16. Rc1 b5 17. a4 b4 18. Nb1 Rfc8 19. Nd2 c5 20. dxc5 Rxc5 21. Rxc5 Qxc5 22. Nb3 Qb6 23. Bb5 Rc8 24. Re2 Qc7 25. Qd4 Bf5 26. Qd2 Bb1 27. Re1 Bf5 28. Rc1 Qb6 29. Rxc8+ Bxc8 30. Qd4 Qc7 31. Qc5 Qxc5 32. Nxc5 Kf8 33. Nb3 Bd7 34. Nxa5 Bxb5 35. axb5 Ke7 36. Nc6+ Kd6 37. Nxb4 Kc5 38. Nd3+ Kxb5 39. Ne5 Kb4 40. Kf2 Kb3 41. Ke2 Kxb2 42. Kd3 Kc1 43. g4 Kd1 44. h4 Ke1 45. g5 hxg5 46. hxg5 Ng8 47. Nxf7 Kf2 48. f4 Kf3 49. Ne5+ Kg3 50. Nc6 Kg4 51. Kd4 Kf3 52. Nb4 Ne7 53. Nxd5 Nf5+ 54. Ke5 Kg4 55. e4 Nh4 56. Ne3+ Kf3 57. Nd5 Ng6+ 58. Kd4 Nxf4 59. Nxf4 Kxf4 60. e5 Kxg5 61. Kd5 Kh4 62. e6 g5 63. e7 g4 64. e8Q g3 65. Qe4+ 1-0

[Event "Montcada op-C 25th"]
[Site "Montcada"]
[Date "2017.07.02"]
[Round "8"]
[White "Guardia Bencomo, Tomas"]
[Black "Bhagat, Kush"]
[Result "1/2-1/2"]
[WhiteElo "1728"]
[BlackElo "1355"]
[PlyCount "51"]
[EventDate "2017.06.26"]
[EventType "swiss"]
[EventRounds "9"]
[EventCountry "ESP"]
[SourceTitle "EXT 2018"]
[Source "ChessBase"]
[SourceDate "2017.10.13"]
[SourceVersion "1"]
[SourceVersionDate "2017.10.13"]
[SourceQuality "1"]

1. d4 Nf6 2. c4 g6 3. Nc3 Bg7 4. e4 d6 5. Nf3 0-0 6. Be2 e5 7. 0-0 Nc6 8. d5 Ne7 9. b4 Nd7 10. Ba3 a5 11. bxa5 Rxa5 12. Qb3 b6 13. Bb4 Ra8 14. a4 Rb8 15. Ne1 Ba6 16. Nb5 Bxb5 17. cxb5 Nf6 18. f3 Qd7 19. Bd2 Ra8 20. Nd3 Qd8 21. Nb4 Nd7 22. Be3 Kh8 23. Rfc1 f5 24. Na6 Nc5 25. Nxc5 bxc5 26. Qc4 1/2-1/2

[Event "Tenerife Cristo Centenario op"]
[Site "Tenerife "]
[Date "2010.09.21"]
[Round "2"]
[White "Villavicencio Martinez, Adalberto"]
[Black "Guardia Bencomo, Tomas"]
[Result "1-0"]
[WhiteElo "2317"]
[BlackElo "1883"]
[PlyCount "55"]
[EventDate "2010.09.20"]
[EventType "swiss"]
[EventRounds "9"]
[EventCountry "ESP"]
[SourceTitle "EXT 2013"]
[Source "ChessBase"]
[SourceDate "2012.11.22"]
[SourceVersion "1"]
[SourceVersionDate "2012.11.22"]
[SourceQuality "1"]

1. d4 d5 2. Nf3 Nf6 3. c4 c6 4. Nc3 e6 5. e3 Nbd7 6. Bd3 dxc4 7. Bxc4 b5 8. Bd3 a6 9. e4 b4 10. Ne2 h6 11. 0-0 Be7 12. Ng3 a5 13. Re1 Bb7 14. Qe2 g6 15. Be3 Bf8 16. Rac1 Bg7 17. e5 Nd5 18. Ne4 Bf8 19. Nfd2 N7b6 20. Nc5 Bxc5 21. Rxc5 h5 22. Ne4 Nc8 23. Bg5 Qb6 24. Rec1 Ba6 25. Rxc6 Bxd3 26. Qxd3 Qb7 27. Rxc8+ Rxc8 28. Rxc8+ 1-0

[Event "La Laguna op 4th"]
[Site "La Laguna"]
[Date "2010.04.11"]
[Round "9"]
[White "Guardia Bencomo, Tomas"]
[Black "Henriquez Garcia, David"]
[Result "0-1"]
[WhiteElo "1885"]
[BlackElo "2014"]
[PlyCount "74"]
[EventDate "2010.04.05"]
[EventType "swiss"]
[EventRounds "9"]
[EventCountry "ESP"]
[SourceTitle "CBM 135 Extra"]
[Source "ChessBase"]
[SourceDate "2010.05.04"]
[SourceVersion "1"]
[SourceVersionDate "2010.05.04"]
[SourceQuality "1"]

1. c4 Nf6 2. Nc3 d5 3. d4 c6 4. Nf3 e6 5. Bg5 Qa5 6. Bxf6 gxf6 7. e3 Bb4 8. Qb3 Bxc3+ 9. Qxc3 Qxc3+ 10. bxc3 Nd7 11. cxd5 cxd5 12. c4 dxc4 13. Bxc4 Nb6 14. Bd3 Bd7 15. Kd2 h6 16. Rhc1 Bc6 17. Rc5 Ke7 18. Ne1 Rag8 19. f3 Rg5 20. Rac1 Rhg8 21. h4 Rxg2+ 22. Nxg2 Rxg2+ 23. Ke1 Bxf3 24. R1c2 Rg4 25. Be2 Bxe2 26. Kxe2 Nd5 27. Kf3 f5 28. h5 Kd6 29. Rc8 Rh4 30. Rd8+ Ke7 31. Rcc8 Rxh5 32. Re8+ Kf6 33. e4 Rh3+ 34. Kg2 Nf4+ 35. Kf1 fxe4 36. Rc7 e3 37. Ree7 e2+ 0-1

[Event "La Laguna op 4th"]
[Site "La Laguna"]
[Date "2010.04.07"]
[Round "3"]
[White "Guardia Bencomo, Tomas"]
[Black "Lopez Pereyra, Antonio"]
[Result "0-1"]
[WhiteElo "1885"]
[BlackElo "2097"]
[PlyCount "78"]
[EventDate "2010.04.05"]
[EventType "swiss"]
[EventRounds "9"]
[EventCountry "ESP"]
[SourceTitle "CBM 135 Extra"]
[Source "ChessBase"]
[SourceDate "2010.05.04"]
[SourceVersion "1"]
[SourceVersionDate "2010.05.04"]
[SourceQuality "1"]

1. c4 e5 2. Nc3 Nc6 3. g3 f5 4. Bg2 Nf6 5. d3 g6 6. Nf3 Bg7 7. 0-0 0-0 8. Bg5 h6 9. Bxf6 Qxf6 10. Nd5 Qd8 11. Rb1 d6 12. b4 Be6 13. b5 Nb8 14. a4 Bxd5 15. cxd5 Nd7 16. Qc2 Rf7 17. Nd2 h5 18. Rb4 g5 19. f4 gxf4 20. gxf4 Bh6 21. fxe5 Nxe5 22. Nc4 Qg5 23. Nxe5 dxe5 24. e4 f4 25. Rf3 Rg7 26. Rc4 Qe7 27. Qb2 Kh8 28. Rc2 Rag8 29. Re2 Rg5 30. Rxf4 Rxg2+ 31. Rxg2 Rxg2+ 32. Kxg2 Bxf4 33. Kf3 Qg5 34. Qb4 Qg4+ 35. Kf2 Qh4+ 36. Kf3 Qh3+ 37. Ke2 Qe3+ 38. Kf1 Qxd3+ 39. Kg2 Qe2+ 0-1

[Event "La Laguna op 4th"]
[Site "La Laguna"]
[Date "2010.04.07"]
[Round "4"]
[White "Perez Barreto, Adrian"]
[Black "Guardia Bencomo, Tomas"]
[Result "0-1"]
[WhiteElo "1644"]
[BlackElo "1885"]
[PlyCount "66"]
[EventDate "2010.04.05"]
[EventType "swiss"]
[EventRounds "9"]
[EventCountry "ESP"]
[SourceTitle "CBM 135 Extra"]
[Source "ChessBase"]
[SourceDate "2010.05.04"]
[SourceVersion "1"]
[SourceVersionDate "2010.05.04"]
[SourceQuality "1"]

1. d4 c6 2. c4 d5 3. e3 Nf6 4. Nc3 e6 5. Nf3 a6 6. Qc2 Nbd7 7. Bd3 dxc4 8. Bxc4 b5 9. Bd3 Bb7 10. 0-0 c5 11. Ne4 Rc8 12. Nxf6+ Nxf6 13. Qe2 Bxf3 14. Qxf3 cxd4 15. exd4 Nd5 16. a3 Be7 17. Re1 Bf6 18. Be3 0-0 19. Rac1 Qb6 20. Qh3 g6 21. Rc5 Nxe3 22. Qxe3 Rfd8 23. Rh5 Bxd4 24. Qh6 Bxf2+ 25. Kh1 Rxd3 26. Qxh7+ Kf8 27. Qh6+ Ke8 28. Qg5 gxh5 29. Qg8+ Ke7 30. Qg5+ Kd7 31. Qf6 Bxe1 32. Qxf7+ Kc6 33. Qxe6+ Kc7 0-1

[Event "Las Palmas op"]
[Site "Las Palmas"]
[Date "2009.12.05"]
[Round "4"]
[White "Guardia Bencomo, Tomas"]
[Black "Hernandez Leon, Alberto"]
[Result "0-1"]
[WhiteElo "1910"]
[BlackElo "2243"]
[PlyCount "48"]
[EventDate "2009.12.02"]
[EventType "swiss"]
[EventRounds "9"]
[EventCountry "ESP"]
[SourceTitle "CBM 133 Extra"]
[Source "ChessBase"]
[SourceDate "2010.01.05"]
[SourceVersion "1"]
[SourceVersionDate "2010.01.05"]
[SourceQuality "1"]

1. c4 g6 2. Nc3 Bg7 3. g3 e5 4. Bg2 d6 5. d3 f5 6. e4 Nc6 7. Nge2 Nf6 8. Rb1 0-0 9. 0-0 h6 10. f4 fxe4 11. Nxe4 Nxe4 12. dxe4 Bg4 13. Qd5+ Kh7 14. Nc3 Qd7 15. Be3 exf4 16. gxf4 Nd4 17. f5 gxf5 18. exf5 c6 19. Qe4 Bxf5 20. Rxf5 Nxf5 21. Bh3 Rae8 22. Qd3 Qe6 23. Ne4 Qxe4 24. Bxf5+ Rxf5 0-1